000 00752nam a2200265Ia 4500
003 OSt
005 20221006161003.0
006 a|||||r|||| 00| 0
007 ta
008 221006b |||||||| |||| 00| 0 eng d
020 _a9784916055811
024 _a47,039
037 _cTextual
040 _aEASL
_cEASL
_beng
041 _2eng
_aeng
082 _aX9:51.42, Q5
100 _aKUROSAKI Makoto Au.
_9675632
245 0 _aGlobal class Japanese Smes
260 _aTokyo
_bJapan Publishing industry foundation for culture
_c2015
300 _a169p.
_ccm.
490 _v JEL
700 _a GREENBERG Larrg Tr.
_9675633
942 _hX9:51.42, Q5
_cTEXL
_2CC
999 _c1115128
_d1115128